000 01136nam a2200385 a 4500
001 VNU120131230
005 20200924215231.0
008 120309s2011 xxc|||||||||||||||||eng||
020 _a0078136628
020 _a9780078136627
040 _aISVNU
_bvie
_cISVNU
_eaaacr2
041 0 _aeng
044 _axxc
082 7 4 _a657/.046
_222
090 _a657
_bHOY 2011
100 1 _aHoyle, Joe Ben.
245 1 0 _aAdvanced accounting /
_cJoe B. Hoyle, Thomas F. Schaefer, Timothy S. Doupnik.
250 _a10th ed.
260 _aNew York :
_bMcGraw-Hill Irwin,
_cc2011
300 _axx, 860 p. :
_bill. ;
_c29 cm.
500 _aOriginal: E-C7/00080; Copy: E-C7/00081-2
504 _aIncludes bibliographical references and index.
650 0 _aAccounting.
653 _aKế toán
653 _aKế toán cao cấp
700 1 _aDoupnik, Timothy S.
700 1 _aSchaefer, Thomas F.
912 _aHoàng Yến
913 _aKhoa Quốc tế 01
914 _aLê Thị Hải Anh
918 _aACC351
918 _aChương trình Keuka
918 _aSách giáo trình chương trình Keuka
942 _2ddc
_cTB
999 _c2274
_d2274